Представление документа в формате RUSMARC

ПолеНазваниеЗначение
  Тип записи a
  Библиографический уровень m
001 Контрольный номер RU/УОНБ/EK/493036078
005 Дата корректировки 20241101134351.1
010 Индекс ISBN __
d Цена 12 р.
b Уточнения в пер.
100 Данные общей обработки __
a Данные общей обработки 20150816d1954 u y0rusy0189||||ca
101 Язык документа 0_
a Язык текста rus
102 Страна публикации __
a Страна публикации RU
105 Кодированные данные (монография) __
a Кодированные данные (монография) a z 000ay
200 Заглавие и сведения об ответственности 1_
a Заглавие Приваловские миллионы ; Рассказы. 1884
f Первые сведения об ответственности подгот. текста, примеч. Н.Н. Акоповой
210 Выходные данные __
d Дата издания 1954
215 Физическое описание __
a Объем 592 с.
300 Общие примечания __
a Общие примечания 100000 экз.
461 Уровень набора _0
1 001RU/УОНБ/EK/493035292
1 2001
a Собрание сочинений
e в 8 т.
f Д.Н. Мамин-Сибиряк
g вступ. ст. Ф. Гладкова
v Т. 2
1 2101
a М.
c Гослитиздат
d 1953
606 Тематические рубрики 0_
a Основная рубрика Проза (х. л.)
610 Ключевые слова 0_
a Ключевые слова проза русская
686 Индексы других классификаций __
a Классификационный индекс 84Р1
2 Код системы rubbk
702 Вторичная интеллектуальная ответственность _1
a Фамилия Акопова
b Имя (инициалы) Н.Н.
4 Код отношения 080
801 Источник записи _0
a Страна RU
b Организация Ульяновская ОНБ
c Дата составления 20150816
g Правила каталогизации RCR
801 Источник записи _1
a Страна RU
b Организация Ульяновская ОНБ
c Дата составления 20150816
g Правила каталогизации RCR
901 Тип документа __
t Тип документа n
w Контрольный № источника RU/УОНБ/EK/493035292
909 Создатель записи __
a Создатель записи Долгова
938 Служебная информация __
a Имя БД retro
b Имя библиотеки УОНБ
c Имя АИБС МАРК-SQL
d Номер DOC_ID в БД 151751